<?xml version="1.0" encoding="UTF-8"?>
<collection xmlns="http://www.loc.gov/MARC21/slim">
    <record>
        <controlfield tag="001">4819</controlfield>
        <controlfield tag="005">20190219123703.0</controlfield>
        <datafield tag="020" ind1=" " ind2=" ">
            <subfield code="a">978-84-693-5287-8</subfield>
        </datafield>
        <datafield tag="037" ind1=" " ind2=" ">
            <subfield code="a">TESIS-2010-044</subfield>
        </datafield>
        <datafield tag="041" ind1=" " ind2=" ">
            <subfield code="a">spa</subfield>
        </datafield>
        <datafield tag="100" ind1="1" ind2=" ">
            <subfield code="a">Gómez Meneses, Fabio Enrique</subfield>
        </datafield>
        <datafield tag="245" ind1="0" ind2="0">
            <subfield code="a">La factura electrónica en las empresas aragonesas</subfield>
            <subfield code="b">Perfil financiero, tecnológico y efectos de la implantación</subfield>
        </datafield>
        <datafield tag="260" ind1=" " ind2=" ">
            <subfield code="a">Zaragoza</subfield>
            <subfield code="b">Universidad de Zaragoza</subfield>
            <subfield code="c">2010</subfield>
        </datafield>
        <datafield tag="300" ind1=" " ind2=" ">
            <subfield code="a">254</subfield>
        </datafield>
        <datafield tag="500" ind1=" " ind2=" ">
            <subfield code="a">Presentado:  04 06 2010</subfield>
        </datafield>
        <datafield tag="502" ind1=" " ind2=" ">
            <subfield code="a">Tesis-Univ. Zaragoza</subfield>
            <subfield code="b">Zaragoza, Universidad de Zaragoza</subfield>
            <subfield code="c">2010</subfield>
        </datafield>
        <datafield tag="506" ind1=" " ind2=" ">
            <subfield code="a">by-nc-nd</subfield>
            <subfield code="b">Creative Commons</subfield>
            <subfield code="c">3.0</subfield>
            <subfield code="u">https://creativecommons.org/licenses/by-nc-nd/3.0/</subfield>
        </datafield>
        <datafield tag="520" ind1=" " ind2=" ">
            <subfield code="a">En los últimos años, las Tecnologías de la Información y la Comunicación (TICs) han transformado sustancialmente la forma en que las personas viven y trabajan. Diferentes áreas del conocimiento, como las Ciencias de la Salud, las Finanzas, la Administración y la Educación, entre otras, se han visto afectadas por estas herramientas. Es en este contexto en el que se desarrolla esta Tesis Doctoral, centrándonos específicamente en cómo las TICs han influenciado positivamente al mundo de los negocios, y particularmente, cómo una de estas tecnologías (la facturación electrónica) está afectando a la forma en que las empresas desarrollan sus actividades y tareas, específicamente en el área contable y financiera.  Específicamente se indagará acerca del uso de la facturación electrónica en las empresas aragonesas y respecto a otras cuestiones asociadas a la implantación y uso de la facturación electrónica, contribuyendo de esta forma a la ampliación de la literatura existente sobre la aceptación de tecnologías de la información por parte de las compañías. Lo anterior será realizado mediante la caracterización financiera y tecnológica de las empresas que usan la facturación electrónica, mediante la identificación de todos aquellos factores que motivan a las empresas a implementar y usar esta TIC, y finalmente, mediante la comprobación de si la a la adopción y utilización de la facturación electrónica supone algún efecto de tipo financiero en las organizaciones donde se haya implementado. Los resultados obtenidos en la investigación permiten concluir que la facturación electrónica es una tecnología de la información y la comunicación escasamente utilizada por las empresas Aragonesas. De la misma manera se encontró evidencia que los factores que principalmente influyen en la adopción de esta TIC son el nivel tecnológico que tienen las compañías y el tamaño de las mismas, y por último, los resultados corroboran que la implantación y uso de la facturación electrónica no tiene efectos financieros significativos en las empresas, al menos en el corto plazo.</subfield>
        </datafield>
        <datafield tag="653" ind1="1" ind2=" ">
            <subfield code="a">factura electrónica</subfield>
        </datafield>
        <datafield tag="653" ind1="1" ind2=" ">
            <subfield code="a">Organización</subfield>
        </datafield>
        <datafield tag="653" ind1="1" ind2=" ">
            <subfield code="a">gestión de empresas</subfield>
        </datafield>
        <datafield tag="653" ind1="1" ind2=" ">
            <subfield code="a">Tecnología</subfield>
        </datafield>
        <datafield tag="653" ind1="1" ind2=" ">
            <subfield code="a">Cambio Social</subfield>
        </datafield>
        <datafield tag="653" ind1="1" ind2=" ">
            <subfield code="a">Electronic Invoicing</subfield>
        </datafield>
        <datafield tag="653" ind1="1" ind2=" ">
            <subfield code="a">Organization</subfield>
        </datafield>
        <datafield tag="653" ind1="1" ind2=" ">
            <subfield code="a">Business Management</subfield>
        </datafield>
        <datafield tag="653" ind1="1" ind2=" ">
            <subfield code="a">Technology</subfield>
        </datafield>
        <datafield tag="653" ind1="1" ind2=" ">
            <subfield code="a">Social Change</subfield>
        </datafield>
        <datafield tag="700" ind1=" " ind2=" ">
            <subfield code="a">Serrano Cinca, Carlos</subfield>
            <subfield code="e">dir.</subfield>
        </datafield>
        <datafield tag="710" ind1="2" ind2=" ">
            <subfield code="a">Universidad de Zaragoza</subfield>
            <subfield code="b">Contabilidad y Finanzas</subfield>
        </datafield>
        <datafield tag="856" ind1="0" ind2=" ">
            <subfield code="f">zaguan@unizar.es</subfield>
        </datafield>
        <datafield tag="856" ind1="4" ind2=" ">
            <subfield code="s">2261880</subfield>
            <subfield code="u">http://zaguan.unizar.es/record/4819/files/TESIS-2010-044.pdf</subfield>
            <subfield code="z">Texto completo (spa)</subfield>
        </datafield>
        <datafield tag="909" ind1="C" ind2="O">
            <subfield code="o">oai:zaguan.unizar.es:4819</subfield>
        </datafield>
        <datafield tag="909" ind1="c" ind2="o">
            <subfield code="p">tesis</subfield>
        </datafield>
        <datafield tag="909" ind1="C" ind2="O">
            <subfield code="p">driver</subfield>
        </datafield>
        <datafield tag="910" ind1="2" ind2=" ">
            <subfield code="a">Economía financiera y contabilidad</subfield>
            <subfield code="b">Contabilidad y Finanzas</subfield>
        </datafield>
        <datafield tag="980" ind1=" " ind2=" ">
            <subfield code="a">TESIS</subfield>
        </datafield>
    </record>

    
</collection>